000 00704nam a2200229 i 4500
001 bgj
245 1 0 _aInternationales Archiv für Sozialgeschichte der deutschen Literatur.
_chrsg. von Wolfgang Frühwald, Georg Jäger, Alberto Martino.
_n10/1980 /
246 1 _aSozialgeschichtliche Aspekte der Literatur im 18. Jahrundert.
260 _a[Tübingen] :
_bNiemeyer,
_c1980.
300 _aS. [135]-[154] ;
_c23 cm.
505 _aSonderdruck
650 9 _aLiteratura
700 1 _aFRÜHWALD, Wolfgang.
700 1 _aJÄGER, Georg.
700 1 _aMARTINO, Albert.
040 _cBPK
041 0 _ager
044 _aDEU
080 _a82
942 _cKS
008 s gw f |000 0 ger
999 _c49965
_d49965
856 _uhttp://koha.tu.koszalin.pl/cgi-bin/koha/opac-detail.pl?biblionumber=49965
_yKatalog online BPK